[Event "Santa Rosa op 3rd"]
[Site "Santa Rosa"]
[Date "2018.07.07"]
[Round "2.15"]
[White "Heffner, Nazareno"]
[Black "Rossi, Juan"]
[Result "1/2-1/2"]
[WhiteElo "1586"]
[BlackElo "1739"]
[PlyCount "60"]
[EventDate "2018.07.07"]
[EventType "swiss"]
[EventRounds "6"]
[EventCountry "ARG"]
[SourceTitle "EXT 2024"]
[Source "ChessBase"]
[SourceDate "2023.10.10"]
[SourceVersion "1"]
[SourceVersionDate "2023.10.10"]
[SourceQuality "1"]

1. e4 e5 2. Nf3 Nc6 3. Bb5 a6 4. Ba4 Nf6 5. d3 b5 6. Bb3 d6 7. Bg5 Na5 8. Nc3 Nxb3 9. axb3 Be6 10. 0-0 h6 11. Bxf6 Qxf6 12. Nxb5 Qd8 13. Nc3 Be7 14. Qd2 0-0 15. Nd5 Bg4 16. Qe3 f5 17. Nxe7+ Qxe7 18. exf5 Qf6 19. Nd2 Bxf5 20. Ne4 Qg6 21. Ra2 d5 22. Ng3 Qd6 23. Nxf5 Rxf5 24. Rfa1 Rf6 25. c4 dxc4 26. bxc4 Rd8 27. Rd1 Rf4 28. f3 Rxc4 29. dxc4 Qxd1+ 30. Kf2 Qc2+ 1/2-1/2